<?xml version="1.0" encoding="UTF-8"?><?xml-stylesheet type="text/xsl" href="static/style.xsl"?><OAI-PMH xmlns="http://www.openarchives.org/OAI/2.0/" xmlns:xsi="http://www.w3.org/2001/XMLSchema-instance" xsi:schemaLocation="http://www.openarchives.org/OAI/2.0/ http://www.openarchives.org/OAI/2.0/OAI-PMH.xsd"><responseDate>2026-04-29T04:09:50Z</responseDate><request verb="GetRecord" identifier="oai:repisalud.isciii.es:20.500.12105/26250" metadataPrefix="marc">https://repisalud.isciii.es/rest/oai/request</request><GetRecord><record><header><identifier>oai:repisalud.isciii.es:20.500.12105/26250</identifier><datestamp>2025-12-18T13:00:42Z</datestamp><setSpec>com_20.500.12105_2052</setSpec><setSpec>com_20.500.12105_2051</setSpec><setSpec>col_20.500.12105_19609</setSpec></header><metadata><record xmlns="http://www.loc.gov/MARC21/slim" xmlns:dcterms="http://purl.org/dc/terms/" xmlns:doc="http://www.lyncode.com/xoai" xmlns:xsi="http://www.w3.org/2001/XMLSchema-instance" xsi:schemaLocation="http://www.loc.gov/MARC21/slim http://www.loc.gov/standards/marcxml/schema/MARC21slim.xsd">
   <leader>00925njm 22002777a 4500</leader>
   <datafield ind2=" " ind1=" " tag="042">
      <subfield code="a">dc</subfield>
   </datafield>
   <datafield ind2=" " ind1=" " tag="720">
      <subfield code="a">Lebbad, Marianne</subfield>
      <subfield code="e">author</subfield>
   </datafield>
   <datafield ind2=" " ind1=" " tag="720">
      <subfield code="a">Grüttner, Jana</subfield>
      <subfield code="e">author</subfield>
   </datafield>
   <datafield ind2=" " ind1=" " tag="720">
      <subfield code="a">Beser, Jessica</subfield>
      <subfield code="e">author</subfield>
   </datafield>
   <datafield ind2=" " ind1=" " tag="720">
      <subfield code="a">Lizana, Victor</subfield>
      <subfield code="e">author</subfield>
   </datafield>
   <datafield ind2=" " ind1=" " tag="720">
      <subfield code="a">Dea-Ayuela, María Auxiliadora</subfield>
      <subfield code="e">author</subfield>
   </datafield>
   <datafield ind2=" " ind1=" " tag="720">
      <subfield code="a">Oropeza-Moe, Marianne</subfield>
      <subfield code="e">author</subfield>
   </datafield>
   <datafield ind2=" " ind1=" " tag="720">
      <subfield code="a">Carmena, David</subfield>
      <subfield code="e">author</subfield>
   </datafield>
   <datafield ind2=" " ind1=" " tag="720">
      <subfield code="a">Stensvold, Christen Rune</subfield>
      <subfield code="e">author</subfield>
   </datafield>
   <datafield ind2=" " ind1=" " tag="260">
      <subfield code="c">2024-08</subfield>
   </datafield>
   <datafield ind2=" " ind1=" " tag="520">
      <subfield code="a">Cryptosporidiosis is an infectious enteric disease caused by species (some of them zoonotic) of the genus Cryptosporidium that in many countries are under surveillance. Typing assays critical to the surveillance of cryptosporidiosis typically involve characterization of Cryptosporidium glycoprotein 60 genes (gp60). Here, we characterized the gp60 of Cryptosporidium suis from two samples-a human and a porcine faecal sample-based on which a preliminary typing scheme was developed. A conspicuous feature of the C. suis gp60 was a novel type of tandem repeats located in the 5' end of the gene and that took up 777/1635 bp (48%) of the gene. The C. suis gp60 lacked the classical poly-serine repeats (TCA/TCG/TCT), which is usually subject to major genetic variation, and the length of the tandem repeat made a typing assay incorporating this region based on Sanger sequencing practically unfeasible. We therefore designed a typing assay based on the post-repeat region only and applied it to C. suis-positive samples from suid hosts from Norway, Denmark, and Spain. We were able to distinguish three different subtypes; XXVa-1, XXVa-2, and XXVa-3. Subtype XXVa-1 had a wider geographic distribution than the other subtypes and was also observed in the human sample. We think that the present data will inform future strategies to develop a C. suis typing assay that could be even more informative by including a greater part of the gene, including the tandem repeat region, e.g., by the use of long-read next-generation sequencing.</subfield>
   </datafield>
   <datafield ind1="8" ind2=" " tag="024">
      <subfield code="a">Lebbad M, Grüttner J, Beser J, Lizana V, Dea-Ayuela MA, Oropeza-Moe M, Carmena D, Stensvold CR. Complete sequencing of the Cryptosporidium suis gp60 gene reveals a novel type of tandem repeats-Implications for surveillance. Infect Genet Evol. 2024 Aug;122:105614.</subfield>
   </datafield>
   <datafield ind1="8" ind2=" " tag="024">
      <subfield code="a">1567-1348</subfield>
   </datafield>
   <datafield ind1="8" ind2=" " tag="024">
      <subfield code="a">https://hdl.handle.net/20.500.12105/26250</subfield>
   </datafield>
   <datafield ind1="8" ind2=" " tag="024">
      <subfield code="a">38844191</subfield>
   </datafield>
   <datafield ind1="8" ind2=" " tag="024">
      <subfield code="a">10.1016/j.meegid.2024.105614</subfield>
   </datafield>
   <datafield ind1="8" ind2=" " tag="024">
      <subfield code="a">1567-7257</subfield>
   </datafield>
   <datafield ind1="8" ind2=" " tag="024">
      <subfield code="a">Infection, genetics and evolution : journal of molecular epidemiology and evolutionary genetics in infectious diseases</subfield>
   </datafield>
   <datafield tag="653" ind2=" " ind1=" ">
      <subfield code="a">Epidemiology</subfield>
   </datafield>
   <datafield tag="653" ind2=" " ind1=" ">
      <subfield code="a">Genetic diversity</subfield>
   </datafield>
   <datafield tag="653" ind2=" " ind1=" ">
      <subfield code="a">Host specificity</subfield>
   </datafield>
   <datafield tag="653" ind2=" " ind1=" ">
      <subfield code="a">Molecular epidemiology</subfield>
   </datafield>
   <datafield tag="653" ind2=" " ind1=" ">
      <subfield code="a">Protozoa</subfield>
   </datafield>
   <datafield tag="653" ind2=" " ind1=" ">
      <subfield code="a">Zoonosis</subfield>
   </datafield>
   <datafield ind2="0" ind1="0" tag="245">
      <subfield code="a">Complete sequencing of the Cryptosporidium suis gp60 gene reveals a novel type of tandem repeats-Implications for surveillance</subfield>
   </datafield>
</record></metadata></record></GetRecord></OAI-PMH>